000 00526nam a22001817a 4500
005 20251108165917.0
008 250721s1973 xx 000 0 ara d
082 1 4 _aط/599/سير
100 1 _aسيرير، جل سان
245 1 0 _aمن أنت أيها القنقر /
264 1 _aبيروت :
_bمكتبة سمير،
_c1973.
300 _a12ص : مص
490 0 _aسلسلة حيوانات طليقة
650 1 7 _aالكنغر
700 1 _aسماحة، سهيل
_eترجمة
942 _2ddc
_cBK
999 _c34578
_d34578